Faculty of Law Library — Cairo University

Official Online Catalog

L'exercice discrétionnaire de la compétence juridictionnelle en droit international privé / (Record no. 70405)

MARC details
000 -LEADER
fixed length control field 01549cam a2200397 i 4500
001 - CONTROL NUMBER
control field 12613798
003 - CONTROL NUMBER IDENTIFIER
control field EG-GICUC
005 - DATE AND TIME OF LATEST TRANSACTION
control field 20260412193257.0
008 - FIXED-LENGTH DATA ELEMENTS--GENERAL INFORMATION
fixed length control field 260412s2000 fr frb 001 0 fre
010 ## - LIBRARY OF CONGRESS CONTROL NUMBER
LC control number 2002385844
020 ## - INTERNATIONAL STANDARD BOOK NUMBER
International Standard Book Number 273140230X
040 ## - CATALOGING SOURCE
Original cataloging agency DLC
Transcribing agency EG-GICUC
Modifying agency EG-GICUC
Language of cataloging fre
Description conventions Rda
043 ## - GEOGRAPHIC AREA CODE
Geographic area code e-fr---
082 04 - DEWEY DECIMAL CLASSIFICATION NUMBER
Edition number 21
Classification number 341.84
Item number C H . E
092 04 - LOCALLY ASSIGNED DEWEY CALL NUMBER (OCLC)
Edition number 21
Classification number 341.84
099 ## - LOCAL FREE-TEXT CALL NUMBER (OCLC)
Classification number Law1 11 341.84 C H . E 2000
100 1# - MAIN ENTRY--PERSONAL NAME
Personal name Chalas, Christelle.
Relator term Auteur
245 12 - TITLE STATEMENT
Title L'exercice discrétionnaire de la compétence juridictionnelle en droit international privé /
Statement of responsibility, etc. Christelle Chalas ; préface Horatia Muir Watt.
Number of part/section of a work Tome 1
300 ## - PHYSICAL DESCRIPTION
Extent V1 (346 pages) ;
Dimensions 24 cm.
Other physical details illustration ;
336 ## - CONTENT TYPE
Content type term text
Content type code txt
Source rdacontent
337 ## - MEDIA TYPE
Media type term unmediated
Media type code n
Source rdamedia
338 ## - CARRIER TYPE
Carrier type term volume
Carrier type code nc
Source rdacarrier
504 ## - BIBLIOGRAPHY, ETC. NOTE
Bibliography, etc. note Includes bibliographical references (p. [703]-734) and index.
650 #0 - SUBJECT ADDED ENTRY--TOPICAL TERM
Topical term or geographic name entry element Conflict of laws
General subdivision Jurisdiction
Geographic subdivision France.
Source of heading or term qrmak
650 #0 - SUBJECT ADDED ENTRY--TOPICAL TERM
Topical term or geographic name entry element Conflit de lois
Source of heading or term qrmak
650 #0 - SUBJECT ADDED ENTRY--TOPICAL TERM
Topical term or geographic name entry element Judicial discretion
Geographic subdivision France.
Source of heading or term qrmak
651 1# - SUBJECT ADDED ENTRY--GEOGRAPHIC NAME
Source of heading or term qrmak
710 2# - ADDED ENTRY--CORPORATE NAME
Corporate name or jurisdiction name as entry element Faculté de droit et de science politique d'Aix-Marseille.
856 40 - ELECTRONIC LOCATION AND ACCESS
Uniform Resource Identifier <a href="https://fll.law.cu.edu.eg/fulltext/bks/B11-08972.pdf">https://fll.law.cu.edu.eg/fulltext/bks/B11-08972.pdf</a>
905 ## - Cataloger and Reviser Names
Cataloger Name: Nermin
906 ## - LOCAL DATA ELEMENT F, LDF (RLIN)
a 7
b cbc
c origres
d 2
e ncip
f 20
g y-gencatlg
942 ## - ADDED ENTRY ELEMENTS (KOHA)
Source of classification or shelving scheme Dewey Decimal Classification
Koha item type Books
Edition 21
Suppress in OPAC No
Holdings
Withdrawn status Lost status Source of classification or shelving scheme Materials specified (bound volume or other part) Damaged status Not for loan Collection Home library Current library Date acquired Total checkouts Full call number Barcode Date last seen Copy number Price effective from Koha item type
    Dewey Decimal Classification V1   Not for loan القانون الدولي العام جــــامعة القــاهرة مكتبة كلية الحقوق - المبنى الرئيسي 12.04.2026   Law1 11 341.84 C H . E 2000 1108972 V1 C1 B11-08972 12.04.2026 1 12.04.2026 Books

© All rights reserved — Faculty of Law, Cairo University